Mincovňa Kremnica
| Main Author: | |
|---|---|
| Other Authors: | , |
| Format: | Book |
| Language: | Slovak English German Russian |
| PhysicalDescription: | [22] s. fotogr. 30 cm |
| Published: |
[Kremnica]
[Mincovňa]
[2008]
|
| Edition: | [1.] vyd. |
| Subjects: |
MARC
| LEADER | 00000nam a2200000 a 4500 | ||
|---|---|---|---|
| 001 | vtls010613627 | ||
| 003 | SK-MaSNL | ||
| 005 | 20260301051421.0 | ||
| 008 | 240314s2008 xo o g 000 0 slo | ||
| 020 | |q (brož.) | ||
| 040 | |a SNK |b slo |c SNK |e AACR2 | ||
| 041 | 0 | |a slo |a eng |a ger |a rus |b eng |b ger |b rus | |
| 044 | |a xo |c SK | ||
| 072 | 7 | |a 73 |x Sochárstvo, keramika, porcelán, umelecké spracovanie kovov |2 konspekt | |
| 080 | |a 725.144 |2 2001 | ||
| 080 | |a 671.41 |2 2001 | ||
| 080 | |a 737.2 |2 2001 | ||
| 080 | |a 658.62 |2 2001 | ||
| 080 | |a (083.82) |2 2001 | ||
| 100 | 1 | |a Bachárová, Anna |4 aut |9 358655 | |
| 245 | 1 | 0 | |a Mincovňa Kremnica |c [A. Bachárová ; foto I. Čillík, M. Červeňanský] |
| 250 | |a [1.] vyd. | ||
| 260 | |a [Kremnica] |b [Mincovňa] |c [2008] | ||
| 300 | |a [22] s. |b fotogr. |c 30 cm | ||
| 500 | |a Voľ. strany v prebale | ||
| 500 | |a Názov z obalu | ||
| 546 | |a Súbež. text v angl., nem., ruš. | ||
| 546 | |a Res. angl., nem., rus. | ||
| 610 | 2 | 7 | |a Mincovňa Kremnica |2 SNKKA |9 213487 |
| 650 | 0 | 7 | |a mincovne |2 SNKPH |9 51464 |
| 650 | 0 | 7 | |a Mints |2 SNKPHeng |9 358656 |
| 650 | 0 | 7 | |a Coins |2 SNKPHeng |9 268735 |
| 650 | 0 | 7 | |a mince |2 SNKPH |9 2305 |
| 650 | 0 | 7 | |a medaily |2 SNKPH |9 3060 |
| 650 | 0 | 7 | |a výrobky |2 SNKPH |9 4992 |
| 650 | 0 | 7 | |a Commercial products |2 SNKPHeng |9 314766 |
| 655 | 7 | |a katalógy |2 SNKPH |9 60821 | |
| 655 | 7 | |a Catalogs |2 SNKPHeng |9 266059 | |
| 700 | 1 | |a Čillík, Ivan |c (fotograf) |4 pht |9 162522 | |
| 700 | 1 | |a Červeňanský, Mikuláš, |d 1939-2005 |4 pht |9 7924 | |
| 999 | |c 603274 |d 605204 | ||
| 952 | |a SNK |b SNK |y PREZ |7 0 |p 17A1028965 |o snkOSB 17623 |i snk2014/16901 |8 1 |0 0 |1 0 |4 0 |d 2014-08-11 |l 0 |r 2026-02-23 16:00:38 |w 2026-02-23 | ||
| 952 | |a SNK |b SNK |y PREZ |7 0 |p 17A1028964 |o snkOSB 17623 D1 |i snk2014/16902 |8 1 |0 0 |1 0 |4 0 |d 2014-08-11 |l 0 |r 2026-02-23 16:00:38 |w 2026-02-23 | ||


